[Event "Calgary Alberta op"]
[Site "Calgary"]
[Date "2012.10.07"]
[Round "3.15"]
[White "Jackiw, Mark"]
[Black "Schibler, Jordan"]
[Result "0-1"]
[WhiteElo "1498"]
[BlackElo "1844"]
[PlyCount "52"]
[EventDate "2012.10.06"]
[EventType "swiss"]
[EventRounds "5"]
[EventCountry "CAN"]
[SourceTitle "EXT 2022"]
[Source "ChessBase"]
[SourceDate "2021.10.06"]
[SourceVersion "1"]
[SourceVersionDate "2021.10.06"]
[SourceQuality "1"]

1. c4 e5 2. f4 exf4 3. Nf3 g5 4. Qc2 f6 5. d4 d6 6. Nc3 Ne7 7. e4 Nbc6 8. Bd2 g4 9. d5 gxf3 10. dxc6 fxg2 11. Bxg2 Nxc6 12. 0-0-0 Bh6 13. Rdf1 Be6 14. Nd5 Bxd5 15. exd5 Ne5 16. Bh3 0-0 17. Be6+ Kh8 18. Bxf4 Bxf4+ 19. Rxf4 Qe8 20. Rh4 Qg6 21. Qxg6 Nxg6 22. Rh6 Kg7 23. Rh3 f5 24. Rg1 Rf6 25. Rb3 b6 26. h4 Kh6 0-1